000 00582nam a2200229Ia 4500
003 OSt
005 20220924133147.0
006 a|||||r|||| 00| 0
007 ta
008 220923b |||||||| |||| 00| 0 urd d
024 _a258471
037 _cTextual
040 _aARTS
_cARTS
_burd
041 _2urd
_aurd
082 _aO168,1M02x, M0
100 _aFatehpuri Zaheer
_9205759
245 0 _aMuntakhib Marasiye Dabeer
260 _c1980
650 _aURDU POETRY
942 _hO168,1M02x, M0
_cTEXL
_2CC
999 _c432787
_d432787